Eurovision Song Lyrics - Switzerland - Statistics

General Stats
  • This quiz has been taken 152 times
  • The average score is 198 of 267
Answer Stats
Answer % Correct
the
97%
a
96%
a…
96%
I,
96%
I
96%
to
95%
code,
93%
broke
92%
my
92%
My
92%
on
91%
and
90%
back
89%
find
88%
hell
88%
myself
88%
track
86%
know
85%
Welcome
85%
let
84%
Let
84%
everybody
83%
Like
83%
like
83%
show,
83%
so
83%
went
83%
is
82%
You
82%
you
82%
game,
81%
me
81%
me,
81%
time
81%
Who
81%
found
80%
I'm
80%
some
79%
paradise
78%
This
78%
it
77%
just
76%
better
74%
heart
74%
playing
74%
story
74%
up,
74%
Now
73%
that
73%
come
72%
gave
70%
beats
69%
kingdom
69%
between
68%
tell
68%
where
68%
cup
67%
friend
67%
of
67%
truth
67%
drum
66%
drink
65%
break
64%
buckle
64%
out
64%
Somewhere
64%
ammonites,
63%
done
63%
life
63%
another
62%
pour
62%
That's
62%
chains
61%
about
60%
good
60%
I'll
60%
right
60%
bad,
57%
wrong,
56%
1's
55%
bohème,
55%
0's
54%
Everything
54%
burning
53%
mind
52%
tight
52%
what's
51%
all
50%
feel
50%
hold
50%
tale
50%
pumped,
49%
woah
48%
highs
47%
'Bout
46%
decides
46%
fright
46%
lows
46%
psyched
46%
got
45%
much
45%
getting
43%
It's
43%
night
43%
than
42%
been
41%
hyped,
41%
awake
40%
balance,
40%
taste
40%
bigger
39%
everything's
38%
light
38%
ohh
35%
ohh,
35%
Uhh,
12%
uhh
12%
Uhh
12%
paradiѕe
1%
woаh
1%
No matching quizzes found
Score Distribution
Percent of People with Each Score
Percentile by Number Answered
Your Score History
You have not taken this quiz